Held to ransom (Record no. 85174)

MARC details
000 -LEADER
fixed length control field 01501cab a22003015a 4500
001 - CONTROL NUMBER
control field L160144
008 - FIXED-LENGTH DATA ELEMENTS--GENERAL INFORMATION
fixed length control field 180808e2018 xxk 000 0 eng d
035 ## - SYSTEM CONTROL NUMBER
System control number (Sirsi) u160144
041 0# - LANGUAGE CODE
Language code of text/sound track or separate title eng
100 1# - MAIN ENTRY--PERSONAL NAME
Personal name O'Connor, Alex
245 00 - TITLE STATEMENT
Title Held to ransom
Medium [electronic resource]
260 ## - PUBLICATION, DISTRIBUTION, ETC.
Date of publication, distribution, etc. 2018
490 ## - SERIES STATEMENT
Series statement RICS Property Journal
Volume/sequential designation July-August 2018, 16-18(2)
520 ## - SUMMARY, ETC.
Summary, etc. Considers how ransom strips should be valued noting that there is no statutory framework governing their valuation. Refers to case law including "Stokes v Cambridge Corporation" (1961] 180 EG 839, "Wards Construction (Medway) Ltd v Barclays Bank plc and "Kent CC" [1994] 68 P&CR 391, "Batchelor v Kent CC" [1988] 56 P&CR 320, "Ozanne and others v Hertfordshire CC" [1989] 43 EG 217 "Persimmon Homes Ltd v Hillier and others" [2018] EWHC 221 (Ch). Discusses options available to a developer if the titleholder refuses to sell or insists on an acceptable price.
650 24 - SUBJECT ADDED ENTRY--TOPICAL TERM
Topical term or geographic name entry element RANSOM STRIPS
650 24 - SUBJECT ADDED ENTRY--TOPICAL TERM
Topical term or geographic name entry element STOKES V CAMBRIDGE CORPORATION
650 24 - SUBJECT ADDED ENTRY--TOPICAL TERM
Topical term or geographic name entry element WARDS CONSTRUCTION (MEDWAY) V BARCLAYS BANK PLC
650 24 - SUBJECT ADDED ENTRY--TOPICAL TERM
Topical term or geographic name entry element BATCHELOR V KENT CC
650 24 - SUBJECT ADDED ENTRY--TOPICAL TERM
Topical term or geographic name entry element OZANNE V HERTFORDSHIRE CC
650 24 - SUBJECT ADDED ENTRY--TOPICAL TERM
Topical term or geographic name entry element PERSIMMON HOMES LTD V HILLIER CC
651 #4 - SUBJECT ADDED ENTRY--GEOGRAPHIC NAME
Geographic name United Kingdom
Chronological subdivision
690 ## - LOCAL SUBJECT ADDED ENTRY--TOPICAL TERM (OCLC, RLIN)
Topical term or geographic name as entry element Compulsory purchase
9 (RLIN) 6228
690 ## - LOCAL SUBJECT ADDED ENTRY--TOPICAL TERM (OCLC, RLIN)
Topical term or geographic name as entry element Valuation
9 (RLIN) 6273
700 1# - ADDED ENTRY--PERSONAL NAME
Personal name Ingram, Helen
700 1# - ADDED ENTRY--PERSONAL NAME
Personal name Green, Stephanie
856 40 - ELECTRONIC LOCATION AND ACCESS
Uniform Resource Identifier <a href="https://issuu.com/ricsmodus/docs/property_journal_july-august_2018">https://issuu.com/ricsmodus/docs/property_journal_july-august_2018</a>
Link text Available free online via Issuu
942 ## - ADDED ENTRY ELEMENTS (KOHA)
Suppress in OPAC 0
Holdings
Withdrawn status Lost status Source of classification or shelving scheme Damaged status Not for loan Home library Current library Shelving location Date acquired Total Checkouts Full call number Barcode Date last seen Copy number Price effective from Koha item type
    Dewey Decimal Classification     Virtual Virtual Online 08/08/2018   ONLINE PUBLICATION 160144-2001 06/08/2019 1 06/08/2019 Journal article